000 00641nam a22002177a 4500
003 UA-OsUOA
001 87548
007 ta
008 20120919b un ||||| |||| 00| 0 ukr d
100 _aМихайлова Ю.
090 _a330
_bМ69
942 _cSA
040 _aUA-OsUOA
_brus
_cUA-OsUOA
_dUA-OsUOA
245 _aЕврозона как пространство экономической нестабильности
300 _aС.27-34
955 _a0
041 _arus
080 _a330
773 0 _w87547
_tМеждународная экономика
_dМ.
_d2012
_g8
650 7 _a330 Економіка взагалі
_2UDC
999 _c373838
_d373838